000 00583nam a2200229Ia 4500
003 OSt
005 20220928143407.0
006 a|||||r|||| 00| 0
007 ta
008 220927b |||||||| |||| 00| 0 eng d
024 _a21893
037 _cTextual
040 _aSDCL
_cSDCL
_beng
041 _2eng
_aeng
082 _aX:8B, M2
100 _aCrouch Edmund A C
_9505262
245 0 _aRisk/benefit analysis
260 _c1982
700 _a Wilson Richard
_9505263
942 _hX:8B, M2
_cTEXL
_2CC
999 _c823915
_d823915